00401nam a2200121Ia 4500008004100000024004500041082001900086100005900105245002900164260002600193600002700219650003300246260210s9999 xx 000 0 und d a98A-02-EE, 98A-15-EE & 98A-24-EE a620.042072 SYE aSyed Rehan Mehfooz, Syed Habib Raza & Faisal Jamal 0aEnergy Management System aKarachi:bUITU,c1998 aElectronic Engineering aBachelor of Engineering (BE)